listes des pizzas #2 - Statistiques

Statistiques générales
  • Ce quiz a été pris 94 fois
  • Le résultat moyen est 1 sur 12
Statistiques - réponses
pizza % Correct
régina
68%
chèvre miel
36%
végétarienne
13%
thon
10%
carbo
5%
campagnola
3%
exotique
3%
paysane
3%
quercy
3%
magret de canard
1%
polo
1%
spéciale
1%
Aucun quiz correspondant
Distribution des résultats
% des personnes avec chaque résultat
Percentile par nombre de réponses
Votre historique - résultats
Vous n’avez pas pris ce quiz